[Event "GER-ch Blitz Women 2020"]
[Site "Magdeburg"]
[Date "2020.08.15"]
[Round "7.1"]
[White "Voicu-Jagodzinsky, Carmen"]
[Black "Paehtz, Elisabeth"]
[Result "0-1"]
[WhiteElo "2244"]
[BlackElo "2473"]
[Annotator "TA"]
[PlyCount "96"]
[EventDate "2020.07.28"]
[EventType "tourn"]
[EventCountry "GER"]
[SourceTitle "playchess.com"]
[Source "ChessBase"]
[SourceQuality "1"]

{[%evp 9,96,14,20,25,28,13,39,6,10,0,21,20,20,8,17,16,27,-8,13,0,10,-14,0,0,56,0,0,-1,0,-60,-58,-158,-156,-198,-153,-248,-254,-245,-261,-463,-133,-225,-21,-102,-100,-102,26,24,20,-266,-167,-164,-132,-177,0,-211,-214,-196,-183,-199,-195,-204,-199,-240,-223,-229,-225,-242,-238,-238,-226,-302,-193,-195,-208,-464,-456,-431,-452,-424,-355,-477,-418,-376,-339,-453,-437,-1038,-994]} 1. Nf3 Nf6 2. g3 g6 3. b3 Bg7 4. Bb2 O-O 5. Bg2 c6 6. c4 {A05: Réti Opening: 1 Nf3 Nf6.} a5 7. O-O Na6 8. d3 {White is slightly better.} d6 9. Nbd2 Nc5 10. Qc2 e5 11. a3 {[#]} Re8 $146 ({Predecessor:} 11... Bg4 12. b4 axb4 13. axb4 Rxa1 14. Rxa1 Ne6 15. e3 Bxf3 16. Nxf3 Nd7 17. Nd2 Qb6 {1-0 (30) Contin,D (2330)-Lapiccirella,M (2193) Milan 2002}) 12. b4 Ne6 13. b5 Qc7 14. Rac1 Nc5 15. Nb3 Na4 16. Ba1 Be6 (16... Bd7 $11) 17. Nbd2 (17. bxc6 $14 bxc6 18. Ng5) 17... Nc5 $11 18. Rfd1 a4 19. Bc3 ({White should play} 19. bxc6 $11 bxc6 20. h3) 19... cxb5 $15 20. cxb5 (20. Bb4 $1 $15) 20... Nb3 $1 $17 21. Bb4 Qb6 22. Qc7 (22. Rb1 $17) 22... Qxb5 $19 23. Nxb3 Bxb3 ({Much less strong is} 23... axb3 24. Ng5) 24. Rd2 $2 (24. Ng5 h6 25. Nxf7 Bxf7 26. Qxb7 Qxb7 27. Bxb7) 24... Bf8 $2 (24... Nd5 $19 25. Qxd6 Bf8) 25. Ng5 (25. Ne1 $17) 25... Rab8 $2 (25... h6 $1 $19 {[%cal Rh6g5]} 26. Qxb7 Qxb7 27. Bxb7 hxg5 28. Bxa8 Rxa8) 26. Rc3 (26. Bxd6 $11 Bxd6 27. Qxd6) 26... Bh6 $17 27. h4 {[#]} Bxg5 (27... Red8 $1 $17 28. Rb2 (28. Bxd6 $2 Ne8 $17 {[%mdl 64] Double Attack}) 28... Ne8) 28. hxg5 $11 Nd5 29. Qxd6 $2 {[%mdl 8192]} (29. Bxd5 $1 $11 {and White has nothing to worry.} Qxd5 30. Qxd6) 29... Nxc3 30. Bxc3 Rbd8 31. Qf6 Qa6 $2 (31... Rc8 $19 32. Bb4 Bd5) 32. Be4 $2 (32. Bxe5 $11 {and White stays safe.} Qxf6 33. Bxf6) 32... Qxf6 $19 33. gxf6 Rd6 34. Bxb7 Rxf6 35. f4 Rb6 36. Be4 exf4 37. gxf4 Rc8 38. Bd4 Rd6 39. Be5 Rd7 40. f5 gxf5 41. Bxf5 {[#]} Be6 $1 {[%cal Re6f5]} 42. e4 $2 (42. Be4) 42... Bxf5 43. exf5 {[%mdl 4096] Endgame [#] KRR-KRB} f6 $1 44. Bxf6 Kf7 45. Be5 Rg8+ 46. Kf2 Rg5 47. d4 Rxf5+ 48. Ke3 {[#]} (48. Kg2 $142) 48... Rxe5+ $1 {[%mdl 512] Accuracy: White = 29%, Black = 63%.} 0-1

[Event "GER-ch Blitz Women 2020"]
[Site "Magdeburg"]
[Date "2020.08.15"]
[Round "7.2"]
[White "Leib, Britta"]
[Black "Mader, Lena"]
[Result "0-1"]
[WhiteElo "1903"]
[BlackElo "1839"]
[Annotator "NA"]
[PlyCount "87"]
[EventDate "2020.07.28"]
[EventType "tourn"]
[EventCountry "GER"]
[SourceTitle "playchess.com"]
[Source "ChessBase"]
[SourceQuality "1"]
[TimeControl "180+2"]

1. c4 {[%emt 0:00:00]} Nf6 {[%emt 0:00:00]} 2. Nc3 {[%emt 0:00:00]} g6 {[%emt 0:00:00]} 3. g3 Bg7 4. Bg2 {[%emt 0:00:01]} O-O {[%emt 0:00:01]} 5. Nf3 {[%emt 0:00:02]} d6 {[%emt 0:00:01]} 6. O-O e5 7. d3 {[%emt 0:00:03]} Nc6 $11 {[%emt 0:00:02]} 8. Rb1 {[%emt 0:00:04]} h6 {[%emt 0:00:04]} 9. b4 {[%emt 0:00:05]} Be6 {[%emt 0:00:04]} 10. e3 {[%emt 0:00:07]} a6 {[%emt 0:00:01]} 11. a4 {[%emt 0:00:04]} Qd7 {[%emt 0:00:12]} 12. b5 {[%emt 0:00:08]} axb5 {[%emt 0:00:12]} 13. axb5 {[%emt 0:00:01]} Ne7 {[%emt 0:00:06]} 14. Bb2 {[%emt 0:00:10]} Ra5 {[%emt 0:00:25]} 15. Ra1 {[%emt 0:00:11]} Rfa8 {[%emt 0:00:01]} 16. Rxa5 {[%emt 0:00:01]} Rxa5 {[%emt 0:00:01]} 17. Qc2 {[%emt 0:00:13]} Qc8 {[%emt 0:00:18]} 18. Ra1 {[%emt 0:00:12]} Qa8 {[%emt 0:00:03]} 19. Rxa5 {[%emt 0:00:22]} Qxa5 {[%emt 0:00:01]} 20. h3 {[%emt 0:00:23]} c6 {[%emt 0:00:10]} 21. bxc6 {[%emt 0:00:09]} bxc6 {[%emt 0:00:01]} 22. Nd2 {[%emt 0:00:16]} Qc7 {[%emt 0:00:11]} 23. Qa4 {[%emt 0:00:03]} Bf8 {[%emt 0:00:10]} 24. Qa8 {[%emt 0:00:24]} Qb6 {[%emt 0:00:14]} 25. Qa3 {[%emt 0:00:09]} Nf5 {[%emt 0:00:07]} 26. Qb3 {[%emt 0:00:05]} Qc7 {[%emt 0:00:06]} 27. Kh2 {[%emt 0:00:09]} Be7 {[%emt 0:00:00]} 28. Nde4 {[%emt 0:00:04]} Nxe4 {[%emt 0:00:06]} 29. Nxe4 {[%emt 0:00:04]} d5 {[%emt 0:00:05]} 30. cxd5 {[%emt 0:00:06]} cxd5 {[%emt 0:00:01]} 31. Nd2 {[%emt 0:00:04]} d4 {[%emt 0:00:11]} 32. e4 {[%emt 0:00:10]} Bxb3 {[%emt 0:00:02]} 33. exf5 {[%emt 0:00:03]} Qc2 {[%emt 0:00:04]} 34. Nxb3 Qxb3 {[%emt 0:00:01]} 35. Bc1 {[%emt 0:00:12]} Kg7 {[%emt 0:00:04]} 36. fxg6 {[%emt 0:00:01]} fxg6 {[%emt 0:00:01]} 37. h4 {[%emt 0:00:03]} Qxd3 {[%emt 0:00:01]} 38. h5 {[%emt 0:00:03]} gxh5 {[%emt 0:00:05]} 39. Kh3 {[%emt 0:00:02]} h4 {[%emt 0:00:02]} 40. Kh2 {[%emt 0:00:02]} hxg3+ {[%emt 0:00:02]} 41. fxg3 {[%emt 0:00:00]} Bd6 {[%emt 0:00:01]} 42. Kh3 {[%emt 0:00:05]} e4 {[%emt 0:00:03]} 43. Bf4 Bxf4 44. Kh2 0-1

[Event "GER-ch Blitz Women 2020"]
[Site "Magdeburg"]
[Date "2020.08.15"]
[Round "7.3"]
[White "Heinemann, Josefine"]
[Black "Braun, Kristin"]
[Result "1-0"]
[WhiteElo "2281"]
[BlackElo "1918"]
[Annotator "TA"]
[PlyCount "63"]
[EventDate "2020.07.28"]
[EventType "tourn"]
[EventCountry "GER"]
[SourceTitle "playchess.com"]
[Source "ChessBase"]
[SourceQuality "1"]

{[%evp 27,63,53,52,11,17,32,31,-35,59,52,101,32,78,38,100,104,633,622,625,621,650,646,645,644,777,765,1167,1160,1145,1003,29989,869,1160,1101,1066,1057,1020,1008]} 1. e4 c5 2. Nf3 d6 3. d4 cxd4 4. Nxd4 Nf6 5. Nc3 g6 6. Be3 Bg7 7. f3 Nc6 8. Qd2 O-O 9. O-O-O d5 10. exd5 Nxd5 11. Nxc6 bxc6 12. Bd4 e5 13. Bc5 Re8 14. Ne4 Be6 15. Kb1 {B76: Sicilian Dragon: Yugoslav Attack, 9 g4 and 9 0-0-0.} Qc7 16. Bc4 Red8 17. Bb3 (17. Ng5 $14) 17... Rab8 {[#]} ({Better is} 17... a5 $1 $15) 18. h4 $146 ({Predecessor:} 18. Qf2 a6 19. c4 Nf6 20. Rxd8+ Qxd8 21. Rd1 Qa5 22. Be7 Nxe4 23. fxe4 Rc8 24. Qa7 {½-½ (40) Clowes,M (2305)-Bennborn,J (2307) ICCF email 2002}) 18... h5 19. Qe2 ({White should try} 19. g4 $16) 19... Qa5 20. Qf2 Rb5 (20... Nf4 $14) 21. c4 $36 {[%mdl 2112] Double Attack. White is in control.} Rdb8 $2 {[%mdl 8192] Black cannot hold the game after this.} (21... Rbb8 $16) 22. cxb5 $18 Rxb5 23. Rc1 Bh6 24. Rc2 Bf5 25. Rd1 Rxb3 26. axb3 Nb4 27. Bxb4 Qxb4 {[#]} 28. Qc5 $1 Qxb3 29. Qc4 (29. Rd8+ $142 Kh7 30. Qxe5 Qxc2+ 31. Kxc2 Bg7 {[#]} 32. Qe8 $1 {[%mdl 576] Double Attack} Kh6 33. Qxf7 c5 34. Rg8 Be5 35. Kd1 Bxb2 36. Qf8+ {[%mdl 64] Double Attack} Kh7 37. Ng5#) 29... Be6 {White is clearly winning.} 30. Qxb3 Bxb3 31. Rd8+ Kg7 32. Rxc6 {Accuracy: White = 44%, Black = 19%.} 1-0

[Event "GER-ch Blitz Women 2020"]
[Site "Magdeburg"]
[Date "2020.08.15"]
[Round "7.4"]
[White "Zschischang, Marine"]
[Black "Osmanodja, Filiz"]
[Result "1-0"]
[WhiteElo "2070"]
[BlackElo "2293"]
[Annotator "TA"]
[PlyCount "112"]
[EventDate "2020.07.28"]
[EventType "tourn"]
[EventCountry "GER"]
[SourceTitle "playchess.com"]
[Source "ChessBase"]
[SourceQuality "1"]

{[%evp 17,112,9,18,16,20,16,22,-8,-7,-21,-18,-10,-10,-24,-21,-20,-15,-34,-41,-43,-31,-27,-36,-44,0,-28,0,0,4,0,55,-37,-44,-43,-45,-51,-47,-47,-38,-43,-36,-100,-98,-106,-105,-123,-115,-145,-76,-102,-99,-150,0,0,0,0,0,0,0,0,126,137,151,122,127,0,0,0,156,-15,8,0,0,0,0,0,335,102,889,679,846,166,165,-18,-14,-15,-17,-63,-58,-56,-56,-55,-8,-64,8,-40,0]} 1. d4 Nf6 2. Nf3 e6 3. Bg5 c5 4. e3 h6 5. Bh4 b6 6. Bd3 Bb7 7. Nbd2 Be7 8. c3 O-O 9. O-O d6 {9...cxd4 deserves study.} 10. Re1 {is the legacy move (10.Qe2). A46: 1 d4 Nf6 2 Nf3 e6: Torre, London and Colle Systems.} cxd4 11. exd4 Nbd7 12. Bg3 {The position is equal.} (12. Nc4 {is more complex.} b5 13. Ne3 Bc6 14. Bc2 Nb6 15. Qd3) 12... Nh5 13. Rc1 Nxg3 14. fxg3 Nf6 {[#]} 15. Bb1 $146 ({Predecessor:} 15. Qe2 Rc8 16. Rf1 Qd7 17. Bb1 Rc7 18. Rce1 Rfc8 19. Qd3 d5 20. Ne5 Qe8 21. Rf4 {1-0 (29) Davidovic,Z (1891)-Bacsa,Z (1647) Senta 2015}) 15... Rc8 16. Qe2 Qc7 17. Rcd1 Rfe8 18. Ne4 Nxe4 19. Bxe4 Bxe4 20. Qxe4 Bf6 21. Re3 Qc4 22. a3 Qb3 23. Rd2 Rc4 (23... b5 $11) 24. Qc2 ({Better is} 24. g4 $14) 24... Qxc2 $15 25. Rxc2 Rec8 26. Rce2 b5 27. Nd2 R4c7 28. Ne4 Be7 29. h4 ({White should play} 29. d5 $15) 29... a5 30. Nd2 Rb8 31. d5 e5 32. Rd3 b4 (32... h5 $142 33. Rf3 g6) 33. axb4 axb4 34. c4 (34. h5 $142) 34... b3 (34... h5 $17 35. Rf3 g6) 35. Ree3 $11 f5 36. Rxb3 Ra8 37. Ra3 Rb8 38. Reb3 Rf8 (38... Rxb3 $11 39. Rxb3 e4) 39. Rb6 $16 f4 40. b4 $1 fxg3 {[#]} 41. Rxg3 (41. Rc6 $1 $16 {[%cal Rc6c7]} Rb7 42. b5) 41... Bxh4 $11 42. Rf3 {aiming for Rc6.} Ra8 $2 (42... Be1 $11 43. Rxf8+ Kxf8) 43. Rxd6 $2 (43. Rc6 $16 Bd8 44. Ne4 (44. Rxd6 Bg5 $11)) 43... Bg5 $132 {[%mdl 2048] Black puts up resistance} 44. Ne4 Ra1+ 45. Kh2 Bf4+ 46. g3 Ra2+ $2 {[%mdl 8192]} (46... Rxc4 $11 {and Black has nothing to worry.} 47. gxf4 Rxe4) 47. Kh3 $2 (47. Rf2 $18 Rxf2+ 48. Nxf2) 47... Bc1 $2 {[%mdl 8192]} (47... Rxc4 $16 48. Rd8+ (48. gxf4 Rxe4 49. Rd8+ Kh7 $11) 48... Kh7) 48. Rd8+ $18 Kh7 49. d6 $2 (49. c5) 49... Rxc4 {[#]} 50. Nf6+ $2 (50. d7 $1 $18 {White wants to mate with Rh8+!} Rd4 51. Rc8) 50... gxf6 $11 51. Rxf6 {Hoping for Re6.} Kg7 ({Much worse is} 51... Rxb4 $6 52. Re6 $16) 52. Re6 Bg5 53. Rd7+ Kf8 54. Rxe5 Rf2 55. Rb7 ({White should try} 55. Rc7 $11 Rd4 56. d7) 55... Rcc2 (55... Rc8 $15) 56. Rc5 Rxc5 {[%mdl 32768] Accuracy: White = 52%, Black = 64%. . Loss on time!?} 1-0

[Event "GER-ch Blitz Women 2020"]
[Site "Magdeburg"]
[Date "2020.08.15"]
[Round "7.5"]
[White "Frey, Alisa"]
[Black "Michna, Marta"]
[Result "0-1"]
[WhiteElo "2087"]
[BlackElo "2350"]
[Annotator "TA"]
[PlyCount "56"]
[EventDate "2020.07.28"]
[EventType "tourn"]
[EventCountry "GER"]
[SourceTitle "playchess.com"]
[Source "ChessBase"]
[SourceQuality "1"]

{[%evp 13,56,13,59,31,7,28,10,8,35,14,55,0,26,10,45,25,32,25,26,19,25,28,423,425,554,565,589,134,132,121,416,-325,0,-987,-885,-1364,-1331,-1519,-1513,-1492,-1447,-1832,-1814,-1780,-1725]} 1. e4 e6 2. d4 d5 3. Nc3 Bb4 4. e5 c5 5. a3 Bxc3+ 6. bxc3 Nc6 7. Qg4 g6 8. Bd3 {C18: French: 3 Nc3 Bb4: Main line: 7 h4 and 7 Qg4.} Qa5 9. Bd2 c4 10. Be2 {The position is equal.} Qa4 {[#]} 11. Ra2 $146 ({Predecessor:} 11. Nf3 Bd7 12. O-O O-O-O 13. Qf4 Rf8 14. Ng5 Nd8 15. Rfb1 Qxc2 16. Rb4 h6 17. Nf3 {0-1 (48) Zaritovskaja,M (2040)-Nilssen,E (2071) chess24.com INT 2020}) 11... Bd7 12. Qf4 (12. Nf3 $14) 12... h6 13. h4 Rh7 14. Nh3 O-O-O 15. O-O Rf8 16. Qg3 Qa5 17. a4 Nxd4 $2 {[%mdl 8192]} (17... Nge7 $11 {and Black stays safe.}) 18. cxd4 $18 Qxd2 19. Qa3 $1 {[%cal Ra3f8]} Rd8 20. Qc5+ $2 (20. c3 $18 {and the rest is easy.} Qxa2 21. Qxa2) 20... Kb8 $16 21. Rb1 $1 {Hoping for a5.} Bc8 $2 {[%mdl 8192] [#]} ({Stronger than} 21... Qxe2 22. Rxb7+ $3 {[%mdl 512]} Kxb7 23. Rb2+ Ka8 24. Qc7 Qd1+ 25. Kh2 Qg1+ 26. Kxg1 Bb5 27. Rxb5 Rh8 28. Qxd8#) (21... Rc8 $16 22. Qd6+ Rc7) 22. Rab2 $4 {[%mdl 8192]} (22. a5 $1 $18 {[%cal Ra5a6] was the only winning move. Black must now prevent a6.} a6 23. Kf1) 22... Qxe2 $2 ({Black should try} 22... f6 $19 23. Kf1 Rc7) 23. Rxb7+ $4 {[%mdl 8192]} (23. Nf4 $11 Qg4 24. a5) 23... Bxb7 $19 {Black is clearly winning.} 24. Rxb7+ Kxb7 25. Qb5+ Kc7 26. Qc5+ {[#]} Kd7 $1 27. Qd6+ Ke8 28. Qc6+ Kf8 {Accuracy: White = 56%, Black = 40%.} 0-1

[Event "GER-ch Blitz Women 2020"]
[Site "Magdeburg"]
[Date "2020.08.15"]
[Round "7.6"]
[White "Zimmer, Elke"]
[Black "Scognamiglio, Stefanie"]
[Result "0-1"]
[WhiteElo "1952"]
[BlackElo "2097"]
[Annotator "NA RC"]
[PlyCount "44"]
[EventDate "2020.07.28"]
[EventType "tourn"]
[EventCountry "GER"]
[SourceTitle "playchess.com"]
[Source "ChessBase"]
[SourceQuality "1"]
[TimeControl "180+2"]

1. e4 c5 {[%emt 0:00:00]} 2. Nc3 {[%emt 0:00:02]} Nc6 {[%emt 0:00:00]} 3. g3 {[%emt 0:00:02]} g6 {[%emt 0:00:01]} 4. Bg2 {[%emt 0:00:00]} Bg7 {[%emt 0:00:01]} 5. d3 {[%emt 0:00:01]} e6 {[%emt 0:00:05]} 6. Be3 {[%emt 0:00:01]} b6 {[%emt 0:00:01]} 7. Qd2 {[%emt 0:00:02]} h6 {[%emt 0:00:02]} 8. Nf3 {[%emt 0:00:02]} Nge7 {[%emt 0:00:01]} 9. O-O {[%emt 0:00:06]} d5 $11 {[%emt 0:00:05]} 10. exd5 {[%emt 0:00:11]} exd5 {[%emt 0:00:10]} 11. d4 {[%emt 0:00:33]} c4 {[%emt 0:00:14]} 12. Rae1 {[%emt 0:00:09]} Be6 {[%emt 0:00:07]} 13. Bf4 {[%emt 0:00:11]} g5 {[%emt 0:00:10]} 14. Be3 {[%emt 0:00:08]} Nf5 {[%emt 0:00:04]} 15. g4 {[%emt 0:00:25]} Nxe3 {[%emt 0:00:09]} 16. Rxe3 {[%emt 0:00:22]} Qd7 {[%emt 0:00:13]} 17. h3 {[%emt 0:00:01]} O-O-O {[%emt 0:00:03]} 18. Rfe1 {[%emt 0:00:10]} h5 {[%emt 0:00:07]} 19. Ne5 {[%emt 0:00:01]} Bxe5 {[%emt 0:00:06]} 20. dxe5 {[%emt 0:00:03]} hxg4 {[%emt 0:00:04]} 21. hxg4 {[%emt 0:00:05]} d4 {[%emt 0:00:05]} 22. Bxc6 {[%emt 0:00:08]} Qxc6 {[%emt 0:00:02]} 0-1

[Event "GER-ch Blitz Women 2020"]
[Site "Magdeburg"]
[Date "2020.08.15"]
[Round "7.7"]
[White "Birkholz, Olga"]
[Black "Skibbe, Diana"]
[Result "0-1"]
[WhiteElo "2001"]
[BlackElo "1991"]
[Annotator "TA"]
[PlyCount "62"]
[EventDate "2020.07.28"]
[EventType "tourn"]
[EventCountry "GER"]
[SourceTitle "playchess.com"]
[Source "ChessBase"]
[SourceQuality "1"]

{[%evp 9,61,-50,99,110,105,61,57,-127,-140,-273,-14,-19,-10,-82,-93,-98,-97,-74,-25,-28,-16,-7,55,-21,0,-27,-4,0,0,-33,-25,-73,-65,-81,-39,-505,-493,-489,-75,-79,-50,-46,-50,-576,-220,-220,-222,-279,-273,-325,-318,-29998,-1016,-29999]} 1. e4 e5 2. Nf3 Nf6 3. Bc4 Nxe4 4. Nxe5 d5 5. Qf3 {[#]} Qf6 $146 (5... Be6 $15 6. d4 Bd6) ({Predecessor:} 5... Be6 6. Bb3 Be7 7. O-O Nd7 8. Nd3 O-O 9. Nf4 c6 10. d3 Nec5 11. Qe2 Qc7 12. d4 Bd6 {0-1 (23) Mudry,J (1610)-Briza,J (1876) Valasska Bystrice 2019}) 6. Bxd5 $16 {C42: Petroff Defence: 3 Nxe5 and unusual White 3rd moves.} Qxf3 7. gxf3 Nd6 $1 8. c4 $2 (8. d4 $14 {stays ahead.}) 8... c6 $17 9. Be4 (9. c5 $17) 9... Nd7 $2 (9... f6 $19 10. Nd3 f5) 10. Nxd7 $11 Bxd7 11. Bd3 (11. b3 $1 $11 {keeps the balance.}) 11... O-O-O $17 {[%mdl 1024] Black has strong compensation.} 12. Nc3 Be6 13. b3 g6 14. Bb2 Bg7 15. O-O-O Ne8 (15... Nb5 $11) 16. Kc2 (16. Bc2 $14) 16... Nc7 17. Ba3 Rhe8 18. Ne4 {next Nd6+ is good for White.} Kb8 19. h4 Bf5 20. h5 Ne6 21. hxg6 hxg6 {Strongly threatening ...Nd4+.} 22. Nd6 $2 {[%mdl 8192]} (22. Bf1 $15) 22... Bxd3+ $19 23. Kxd3 Be5 $2 (23... c5 $19 {has better winning chances.} 24. Kc2 Rxd6) 24. c5 $17 {[#]} Nxc5+ $1 {[%mdl 576] Remove Defender} 25. Bxc5 Bxd6 26. Kc4 $2 {[%mdl 8192]} ({White has to play} 26. Be3 $15) 26... Bxc5 $2 (26... b5+ 27. Kc3 Bxc5) 27. Kxc5 $19 Rd3 28. Rh7 Rxf3 29. a4 Re4 {( -> ...Rf5+)} ({Don't do} 29... Rxf2 30. Kc4 $19) 30. b4 $2 {[#]} (30. d4 $19) 30... Kc7 (30... Rf5+ $142 31. Kd6 Rd5#) 31. d4 Rc3# {Accuracy: White = 25%, Black = 51%.} 0-1

[Event "GER-ch Blitz Women 2020"]
[Site "Magdeburg"]
[Date "2020.08.15"]
[Round "7.8"]
[White "Muetsch, Annmarie"]
[Black "Sieber, Fiona"]
[Result "0-1"]
[WhiteElo "2219"]
[BlackElo "2201"]
[Annotator "TA"]
[PlyCount "82"]
[EventDate "2020.07.28"]
[EventType "tourn"]
[EventCountry "GER"]
[SourceTitle "playchess.com"]
[Source "ChessBase"]
[SourceQuality "1"]

{[%evp 15,82,-20,-27,-15,1,-62,-52,-85,-80,-70,-60,-62,-41,-84,-29,-57,-39,-75,-72,-89,-67,-107,-89,-89,-95,-80,25,0,21,8,1,0,50,-77,-82,-347,-350,-416,-397,-367,-166,-247,-230,-467,-297,-532,469,-364,285,-366,-242,-275,-235,-429,-425,-525,-398,-483,-460,-558,-481,-606,-595,-716,-654,-644,-627,-591,-575]} 1. e4 e5 2. Nf3 Nc6 3. d4 exd4 4. Nxd4 Nf6 5. Nxc6 bxc6 6. e5 Qe7 7. Qe2 Nd5 8. Nd2 {8.h4 is becoming the main line.} g6 9. c4 {C45: Scotch Game.} Nf4 {was the old line (9...Ba6).} 10. Qe4 (10. Qe3 $11 Bh6 11. Qc3) 10... Ne6 $15 11. Nf3 {Black is slightly better.} Bg7 12. Be2 {[#]} O-O $146 ({Predecessor:} 12... Rb8 13. O-O Bb7 14. Qe3 c5 15. Re1 O-O 16. b3 f6 17. Bb2 fxe5 18. Bxe5 Rbe8 {½-½ (36) Hempel,R (1931)-Reichgeld,M (2033) GER email 2010}) 13. O-O Rb8 14. Re1 d6 (14... c5 $17) 15. exd6 $11 cxd6 16. Qc2 Qc7 17. a4 Nc5 18. Bd3 Rb3 19. Bf1 Bf5 20. Qd1 Rfb8 (20... Bg4 $17) 21. Nd4 Bxd4 22. Qxd4 Ne6 $36 {[%mdl 2048] Black is more active.} 23. Qd1 {next g4 is good for White.} c5 24. Be2 (24. g4 $14 Nd4 25. gxf5 Nf3+ 26. Kg2) 24... Nd4 $17 25. Be3 $2 {[%mdl 8192]} (25. Ra3 $17 {was called for.}) 25... Nc2 $19 {[%mdl 64] [#] Double Attack} ({Not} 25... Rxb2 26. Bxd4 Rb1 27. Qd2 $15 (27. Rxb1 Rxb1 28. Bf1 Qc8 $17)) 26. Bh6 Nxe1 27. Qxe1 f6 (27... Qe7 $142 28. Bf1 Qxe1 29. Rxe1 Rxb2) 28. h4 (28. Bf3 $142) 28... Rxb2 29. Bd1 $2 (29. Bf3) 29... Qf7 30. Qc3 $2 (30. Bf3 Qxc4 {[#]} 31. Qe7 $1 {[%mdl 512]} Rb1+ {[%mdl 64] Double Attack} 32. Bd1) 30... R2b3 $4 {[%mdl 8192]} (30... Rb1 $19 31. Rxb1 Rxb1) 31. Qd2 $4 {[%mdl 8192]} (31. Bxb3 $18 {was the only winning move. Strongly threatening Re1.} Qe7 32. Bf4) 31... R8b6 $4 {[%mdl 8192]} ({Stronger than} 31... Qxc4 32. Bxb3 Qxb3 33. Qxd6 $14) (31... Rb1 $19 {and life is good for Black.} 32. Rxb1 Rxb1 33. Qxd6 Qe8 34. Qd5+ Kh8) 32. Qf4 $4 {[%mdl 8192]} (32. Bxb3 $18 Rxb3 33. Qxd6) 32... R3b4 {[%cal Bb3b4,Bb4c4,Bc4d4][%mdl 32]} 33. Bf3 {If White can now play a5 this consolidates a bit.} Rxc4 34. Qd2 $2 (34. a5 Rc6 35. Qe3) 34... Rd4 35. Qe2 Rb8 36. Re1 Rxa4 {Black is clearly winning.} 37. Bc6 Rab4 38. Qe7 {Threatening mate with Bd5!} Rb1 {( -> ...Qxe7)} 39. Qxf7+ Kxf7 40. Bd5+ Be6 41. Bxe6+ Ke7 {Accuracy: White = 26%, Black = 42%.} 0-1

[Event "GER-ch Blitz Women 2020"]
[Site "Magdeburg"]
[Date "2020.08.15"]
[Round "7.9"]
[White "Kosovska, Olena"]
[Black "Zeller, Elisa"]
[Result "0-1"]
[WhiteElo "1881"]
[BlackElo "1969"]
[Annotator "TA"]
[PlyCount "80"]
[EventDate "2020.07.28"]
[EventType "tourn"]
[EventCountry "GER"]
[SourceTitle "playchess.com"]
[Source "ChessBase"]
[SourceQuality "1"]

{[%evp 10,80,22,11,17,15,20,15,15,16,33,17,36,0,0,-30,-24,-57,-60,-388,-400,-408,-393,-406,-391,-489,-479,-485,-487,-487,-481,-477,-464,-565,-538,-923,-922,-954,-636,-639,-640,-640,-624,-627,-623,-618,-610,-604,-604,-595,-573,-678,-675,-686,-708,-795,-793,-882,-843,-1039,-1027,-1192,-1137,-1221,-1222,-1506,-1395,-3077,-2936,-6115,-6115,-5522,-5273]} 1. e4 e6 2. d4 d5 3. Nd2 c5 4. exd5 Qxd5 5. Ngf3 cxd4 6. Bc4 Qd7 {C07: French Tarrasch: 3...c5, 4 Ngf3 and 4 exd5 Qxd5.} 7. O-O Nc6 8. Nb3 {[%cal Rb3d4]} Nf6 {The position is equal.} 9. Nbxd4 Nxd4 10. Nxd4 {[#] And now Bb5 would win.} a6 11. c3 Bd6 {[#]} 12. Bg5 $146 ({Predecessor:} 12. Bb3 Qc7 13. h3 Bh2+ 14. Kh1 Bf4 15. Ba4+ Bd7 16. Bxd7+ Nxd7 17. Qg4 Be5 18. Bg5 O-O 19. Rad1 Bf6 20. Bf4 Be5 21. Bg5 Bf6 22. Bf4 Be5 {½-½ (22) Kudrin,S (2502)-Lenderman,A (2621) Dayton 2016}) 12... Qc7 13. Bxf6 gxf6 14. Qh5 $2 {[%mdl 8192]} (14. Nf3 $15) 14... Qxc4 $19 15. Rfe1 Be7 16. Re3 Bd7 17. Qa5 Qc5 {Black is clearly winning.} 18. Qxc5 Bxc5 19. Rf3 Be7 20. Rd1 O-O-O {Hoping for ...e5.} 21. h3 Rhg8 22. Nb3 {[#]} Bc6 $1 23. Rxd8+ Bxd8 24. Rg3 Rxg3 25. fxg3 Bc7 26. Kf2 Bb6+ 27. Kf1 e5 28. Nd2 Bd5 29. b3 f5 30. c4 Be6 31. Nf3 e4 32. Ng5 h6 33. Nh7 Bd8 34. Nf8 Be7 35. Nxe6 fxe6 {KB-KP} 36. Ke2 h5 37. Ke3 Kd7 38. g4 hxg4 39. hxg4 Bg5+ 40. Kd4 e3 {White did not feel at home in the position after the opening. Accuracy: White = 47%, Black = 93%.} 0-1